Violencia política popular en las "Grandes Alamedas": Santiago de Chile, 1947-1987 (una perspectiva histórico-popular)

Saved in:
Bibliografiske detaljer
Hovedforfatter: Salazar Vergara, Gabriel Segundo (autor)
Format: Bog
Sprog:spansk
Udgivet: Santiago, Chile Sur 1990
Serier:La Violencia en Chile, 1
Fag:
Tags: Tilføj Tag
Ingen Tags, Vær først til at tagge denne postø!

MARC

LEADER 00000nam a2200000 a 4500
001 UCO2530
003 CL-VaPUC
005 20250505164443.0
008 000608e19900000CL |||||||||||||||||spa|d
999 |c 289036  |d 289034 
040 |c Pontificia Universidad Católica de Valparaíso 
082 0 4 |a 303.62 SAL 1990  |2 21 
100 |a Salazar Vergara, Gabriel Segundo  |e autor  |9 621733 
245 1 0 |a Violencia política popular en las "Grandes Alamedas":  |b  Santiago de Chile, 1947-1987 (una perspectiva histórico-popular) 
260 |a Santiago, Chile  |b Sur  |c 1990 
300 |a 433 páginas 
490 0 |a La Violencia en Chile,  |v  1 
583 |a last modification  |c 20000608 00:00:00  |k Rodrigo Vera 
650 0 |a Violencia política   |y 1947-1987  |z SANTIAGO  |z CHILE  |9 321520 
650 0 |a Protesta social  |y 1947-1987  |z SANTIAGO  |z CHILE  |9 343153 
650 7 |a HISTORIA POLITICA  |2 CL-VaPUC  |9 445832  |y 1947-1987  |z CHILE 
852 |a BIBCUR 
942 |c BK  |2 ddc 
945 |d 20000608 00:00:00  |a crobeson 
952 |0 0  |1 0  |2 ddc  |4 0  |6 303_620000000000000_SAL_1990  |7 0  |8 A  |9 337157  |a BIBHIS  |b BIBHIS  |d 2019-11-20  |i 1292277  |o 303.62 SAL 1990  |p 1292277  |r 2025-01-20  |t 1  |w 2019-11-20  |y BK  |k HIS 
952 |0 0  |1 0  |2 ddc  |4 0  |6 303_620000000000000_SAL_1990  |7 0  |8 A  |9 337158  |a BIBHIS  |b BIBHIS  |d 2019-11-20  |i 3951855  |l 1  |m 1  |o 303.62 SAL 1990  |p 3951855  |q 2025-05-05  |r 2025-04-21  |s 2025-04-21  |t 2  |w 2019-11-20  |y BK  |k HIS